[Event "Saint Louis Blitz 2017"]
[Site "Saint Louis"]
[Date "2017.08.18"]
[Round "13"]
[White "Karjakin, Sergey"]
[Black "Aronian, Levon"]
[Result "1/2-1/2"]
[WhiteElo "2773"]
[BlackElo "2799"]
[Annotator "TA"]
[PlyCount "85"]
[EventDate "2017.??.??"]
[EventType "tourn"]
[EventCountry "USA"]
[SourceTitle "playchess.com"]
[Source "ChessBase"]
[SourceQuality "1"]

{[%evp 18,85,28,13,21,21,20,13,22,16,18,8,40,40,50,0,0,0,0,0,0,0,0,0,4,0,7,0,14,0,20,15,12,0,8,-22,10,17,9,0,0,0,0,-11,0,-11,0,-4,0,-5,0,-7,-5,-5,0,0,0,0,0,0,0,-10,-9,-9,0,-4,0,-18,0,-6]} 1. e4 e5 2. Nf3 Nc6 3. Bb5 {[%cal Bf1b5,Bb5a4,Ba4c2,Bc2d3][%mdl 32]} a6 4. Ba4 Nf6 5. O-O Be7 6. d3 d6 7. c3 O-O 8. Nbd2 b5 9. Bc2 d5 10. d4 {LiveBook: 4 Games. C77: Ruy Lopez: 3...a6 4 Ba4 Nf6, unusual lines} (10. Re1 d4 11. a4 Be6 12. Nf1 b4 13. cxd4 Nxd4 14. Nxd4 Qxd4 15. Nd2 c5 16. Nf3 Qd6 17. Be3 Rfd8 {1-0 (50) Vachier Lagrave,M (2796)-Aronian,L (2793) Leuven 2017}) 10... exd4 11. e5 {[#]} d3 $1 {[%mdl 512]} 12. Bxd3 Ng4 13. Qe2 $146 ({Predecessor:} 13. Nb3 f6 14. exf6 Rxf6 15. h3 Nge5 16. Nxe5 Nxe5 17. Bg5 Rf7 18. Bxe7 Qxe7 {1-0 (39) Porreca,G-Musolino,P corr 1972}) 13... f6 $1 14. exf6 Nxf6 (14... Bxf6 {with more complications.} 15. Re1 Nge5 16. Nxe5 Nxe5 17. Nb3 c6) 15. h3 Bd6 16. Re1 (16. a4 $5 {[%cal Ra4b5]}) 16... Re8 {The position is equal.} 17. Qd1 Rxe1+ 18. Qxe1 Bd7 19. Nb3 Qf8 20. Be3 Re8 21. Qd1 Ne5 22. Nxe5 Rxe5 23. Bd4 Re8 24. Qf3 Kh8 25. Bf5 Qe7 {[#] ( -> ...Qe1+!)} 26. Be3 Rf8 (26... Qe5 $5 {[%cal Rd7f5]} 27. Bxd7 Nxd7 $15) 27. Bxd7 Qxd7 28. Re1 (28. Nc5 $5 {[%cal Rc5d7]} Qc6 29. Nd3 $11) 28... Ne4 29. Qg4 Qf7 {[%cal Re4f2]} 30. Rf1 h5 31. Qe2 Qg6 32. Rd1 c6 33. Nd4 Bb8 34. Re1 (34. a4 $5) 34... Kg8 35. Nf3 Qd6 36. Kf1 Qf6 37. Bd4 Qf5 38. Kg1 Bd6 39. Be3 Qg6 40. Nd4 (40. Nh4 $5 {[%cal Rh4g6]} Qe8 41. Nf3 $11) 40... Bb8 41. Nf3 Bd6 42. Nd4 Bb8 43. Nf3 {Precision: White = 54%, Black = 54%.} 1/2-1/2

[Event "Saint Louis Blitz 2017"]
[Site "Saint Louis"]
[Date "2017.08.18"]
[Round "13"]
[White "Dominguez Perez, Leinier"]
[Black "Caruana, Fabiano"]
[Result "1-0"]
[WhiteElo "2739"]
[BlackElo "2807"]
[Annotator "TA"]
[PlyCount "107"]
[EventDate "2017.??.??"]
[EventType "tourn"]
[EventCountry "USA"]
[SourceTitle "playchess.com"]
[Source "ChessBase"]
[SourceQuality "1"]

{[%evp 24,107,21,7,26,24,32,25,36,43,43,33,39,0,0,0,0,0,39,0,0,0,48,45,116,128,124,100,122,127,97,105,274,279,279,264,358,350,331,174,170,165,166,0,235,141,151,0,275,269,536,529,476,428,456,452,433,399,391,351,367,361,392,392,496,464,466,452,479,475,494,494,584,425,434,428,431,432,461,391,506,487,971,923,1232,1198]} 1. d4 d5 2. c4 e6 3. Nf3 Nf6 4. g3 Bb4+ 5. Bd2 Be7 6. Bg2 O-O 7. O-O Nbd7 8. Bf4 c6 9. Nc3 b6 10. cxd5 exd5 11. Rc1 Bb7 12. Qc2 Re8 13. Rfd1 Nf8 {E18: Queen's Indian: Old Main Line (4 g3 Bb7 5 Bg2 Be7 6 0-0 0-0 7 Nc3)} (13... Bb4 14. Ne5 Qe7 15. Nb1 Nxe5 16. Bxe5 Ng4 17. a3 Bd6 18. Bxd6 Qxd6 19. h3 Nf6 20. e3 Ne4 21. Nd2 {1-0 (57) Sumets,A (2598)-Miralles,G (2472) Rhodes 2013}) 14. e4 dxe4 15. Ne5 Nd5 {White has an edge.} 16. Nxe4 $146 ({Predecessor:} 16. Bxe4 Ng6 17. Nxg6 hxg6 18. Nxd5 cxd5 19. Bf3 Rc8 20. Qa4 a5 21. Rxc8 Bxc8 22. Bxd5 {½-½ (30) Vincent,T (2101)-Khedkar,J (1857) Winnipeg 2003}) 16... Ne6 17. Be3 Rc8 18. Qb3 Bf8 19. Nc3 Nxe3 20. fxe3 Rc7 21. Kh1 {[%cal Bg1h1,Bh1g2,Bg2f2][%mdl 32]} h5 22. Rf1 h4 (22... Bd6 {feels hotter.} 23. Nc4 Bf8 24. h4 g6 25. Ne5 Bg7) 23. gxh4 $1 Qxh4 {[#]} (23... Bd6 $14) 24. Nb5 $1 $36 {[%cal Rb5c7][%mdl 2560] White is really pushing.} cxb5 25. Rxc7 Bxg2+ 26. Kxg2 Qe4+ 27. Rf3 Bd6 $2 (27... f6 $16 {is a better defense.}) 28. Rcxf7 $18 Bxe5 29. dxe5 Qg6+ 30. Kf2 Rc8 31. e4 (31. Rxa7 Rc2+ 32. Ke1 Qg1+ 33. Rf1 Rc1+ 34. Kd2 Qxf1 $11) (31. R7f5 $142) 31... Qh6 32. Kg2 Qg6+ 33. Kf2 $2 (33. Kh1 $1 $18) 33... Rc4 $2 (33... Qh6 $11 34. Kg1 Qg6+ 35. Kf2) 34. Qd3 ({Inferior is} 34. Rxa7 Qxe4 35. Qe3 Rc2+ 36. Kg1 Qg4+ 37. Kf1 Qg2+ 38. Ke1 Qh1+ 39. Rf1 Qc6 $11) 34... Qh5 {[#]} 35. Kg2 $2 ({Only move:} 35. Kg1 $1 $16) 35... Qg4+ $2 {[%mdl 8192] [#]} (35... Qg5+ $1 $11 {and Black stays safe.} 36. Kf2 Qxe5) 36. Rg3 $1 {[%cal Rg3g4]} Qxe4+ $2 (36... Qh4 {was called for.} 37. Rf6 Qxf6 38. Qxc4 (38. exf6 Nf4+ 39. Kf2 Nxd3+ 40. Rxd3 Rc2+ 41. Ke3 Rxh2 $11) 38... Qxe5) 37. Qxe4 Rxe4 38. Rxa7 {[%mdl 4096] Endgame KRR-KRN} Re2+ 39. Kf1 Rxe5 40. Kf2 Rf5+ 41. Rf3 Rd5 42. Ke3 Nc5 43. Rg3 Ne6 44. Rb7 Re5+ 45. Kd2 Rh5 46. h3 Rd5+ 47. Kc1 Rd6 48. a3 Kh7 49. Re7 Kh6 50. Kb1 g5 51. Ka2 Kh5 52. Rb3 {White is clearly winning.} Nd4 (52... Nf4 $142 53. Rh7+ Kg6) 53. Rd3 Kg6 54. Re4 {Precision: White = 69%, Black = 35%.} 1-0

[Event "Saint Louis Blitz 2017"]
[Site "Saint Louis"]
[Date "2017.08.18"]
[Round "13"]
[White "Navara, David"]
[Black "Nepomniachtchi, Ian"]
[Result "1/2-1/2"]
[WhiteElo "2737"]
[BlackElo "2751"]
[Annotator "TA"]
[PlyCount "79"]
[EventDate "2017.??.??"]
[EventType "tourn"]
[EventCountry "USA"]
[SourceTitle "playchess.com"]
[Source "ChessBase"]
[SourceQuality "1"]

{[%evp 18,79,7,6,8,0,0,0,9,0,-2,-39,-36,-77,-65,-197,-19,-8,-12,-12,-13,-16,-11,-19,85,43,133,142,123,137,124,35,34,35,45,41,46,32,39,45,42,42,42,44,37,44,37,8,8,8,15,8,8,0,0,0,8,0,0,0,0,0,0,0]} 1. e4 c5 2. Nf3 d6 3. Bb5+ Nd7 4. O-O a6 5. Bd3 Ngf6 6. c3 g6 7. Re1 Bg7 8. Bf1 b5 {B50: Sicilian: 2...d6, Miscellaneous} (8... O-O 9. d4 Qc7 10. h3 cxd4 11. cxd4 b5 12. a3 d5 13. e5 Ne4 14. Nbd2 Bb7 15. Nxe4 dxe4 16. Ng5 Qb6 17. Qg4 {1-0 (38) Harikrishna,P (2737)-Donchenko,A (2568) Germany 2016}) 9. d4 cxd4 10. cxd4 {LiveBook: 4 Games} Bb7 11. e5 dxe5 12. dxe5 Nd5 13. e6 $146 ({Find the theoretical novelty and annotate with similar games:} 13. a4 bxa4 14. Qxa4 N5b6 15. Qg4 O-O 16. e6 Bxf3 17. Qxf3 fxe6 {1-0 (39) Belov,V (2561)-Khismatullin,D (2613) Zvenigorod 2008}) 13... fxe6 14. Ng5 Nc5 15. Qf3 Rf8 16. Qh3 (16. Qg3 $15) 16... h6 $2 ({Black should try} 16... Rxf2 $19 17. Kxf2 Bd4+ 18. Kf3 Qd6) 17. Nxe6 $11 Nxe6 18. Qxe6 Qb6 19. Qxb6 Nxb6 20. Nc3 {[%cal Bb1c3,Bc3e4,Be4c5,Bc5e6][%mdl 32]} b4 (20... Rc8 $11 {remains equal.}) 21. Ne4 $36 {[%mdl 2048] White has some pressure.} O-O-O {[#]} ({Better is} 21... Bd5 $1 $14) 22. Nc5 $1 {[%cal Rc5e6] Ne6 is the strong threat.} Bd4 23. Be3 {Threatens to win with Bxd4.} Bxb2 {[#]} 24. Ne6 ({But not} 24. Nxa6 $6 Bxa1 25. Rxa1 Bxa6 $11) (24. Rab1 $1 $16 {[%cal Rb1b2]} Bc3 25. Rec1 (25. Nxa6 Bxe1 26. Rxe1 Bxa6 $11)) 24... Bxa1 $14 25. Rxa1 Nd5 26. Bxh6 Rf6 27. Rc1+ Nc3 28. Nxd8 Kxd8 29. a3 a5 30. axb4 axb4 31. Bd2 Rc6 32. h4 Bc8 {The position is equal.} 33. f3 e5 {[%cal Be7e5,Be5e4][%mdl 32]} 34. g4 e4 35. h5 gxh5 36. gxh5 exf3 37. Bd3 Ne2+ 38. Bxe2 $1 Rxc1+ 39. Bxc1 fxe2 40. Kf2 {Precision: White = 40%, Black = 61%.} 1/2-1/2

[Event "Saint Louis Blitz 2017"]
[Site "Saint Louis"]
[Date "2017.08.18"]
[Round "14"]
[White "Caruana, Fabiano"]
[Black "Navara, David"]
[Result "1-0"]
[WhiteElo "2807"]
[BlackElo "2737"]
[Annotator "TA"]
[PlyCount "61"]
[EventDate "2017.??.??"]
[EventType "tourn"]
[EventCountry "USA"]
[SourceTitle "playchess.com"]
[Source "ChessBase"]
[SourceQuality "1"]

{[%evp 13,61,13,20,0,20,6,25,13,41,19,41,18,37,0,26,37,36,45,62,0,95,33,44,43,142,158,138,141,166,125,147,144,150,136,142,148,143,141,183,150,147,135,210,217,193,203,677,669,29978,29979]} 1. e4 c6 2. d4 d5 3. exd5 cxd5 4. Bd3 Nc6 5. c3 Nf6 {[%cal Bg8f6,Bf6h5,Bh5f4][%mdl 32]} 6. h3 g6 7. Nf3 {B13: Caro-Kann: Exchange Variation and Panov-Botvinnik Attack} Bf5 {LiveBook: 32 Games} (7... Qc7 8. O-O Bf5 9. Re1 Bxd3 10. Qxd3 Bg7 11. Na3 O-O 12. Nc2 e6 13. Ne3 Rab8 14. a4 Na5 15. Ra3 Rfc8 {0-1 (67) Artemiev,V (2653)-Riazantsev,A (2671) Doha 2016}) 8. Be2 Bg7 9. O-O {The position is equal.} O-O $146 ({Find the theoretical novelty and annotate with similar games:} 9... Qc7 10. Na3 O-O 11. Nc2 a6 12. Nce1 e5 13. dxe5 Nxe5 14. Nxe5 Qxe5 15. Nf3 Qc7 16. Be3 Rfe8 17. Nd4 Bxh3 18. gxh3 Rxe3 19. fxe3 {½-½ (19) Lupu,M (2480)-Spraggett,K (2530) Andorra 1996}) 10. Bf4 Nh5 11. Be3 Qc7 12. Re1 Rad8 13. Na3 Nf4 14. Bf1 a6 15. Qd2 Ne6 16. Rac1 ({Better is} 16. Nh4 $14) 16... Qa5 {[#]} (16... Be4 $11) 17. Bh6 (17. Nh4 $1 $16) 17... b5 18. Nh4 b4 (18... Bxh6 $14 19. Qxh6 Ng7) 19. Nxf5 $16 gxf5 20. cxb4 Qb6 21. b5 ({Worse is} 21. Rxe6 fxe6 22. Bxg7 (22. Qg5 Rf7 $15) 22... Kxg7 $11) 21... axb5 22. Nxb5 Ncxd4 {[#] Hoping for ...Bxh6.} 23. Bxg7 Kxg7 24. Qc3 {Black must now prevent Rcd1.} Rc8 25. Qg3+ Kh8 {Threatens to win with ...Rxc1.} 26. Rxc8 Rxc8 27. Qe5+ $40 {[%mdl 128] White wants a kill.} Kg8 (27... f6 $16 28. Qxd5 Rd8) 28. Nxd4 $18 ({Don't take} 28. Qxd5 $6 Nxb5 29. Qxb5 (29. Bxb5 Rc5 $14) 29... Qxb5 $16) 28... Qxd4 29. Qxf5 {Rxe6 is the strong threat.} Qxb2 $2 (29... Rc6 30. Re3 (30. Bd3 Qxb2 31. a4 Rc5 $18) 30... h6) 30. Rxe6 $1 Rc1 31. Rxe7 {Precision: White = 55%, Black = 26%.} 1-0

[Event "Saint Louis Blitz 2017"]
[Site "Saint Louis"]
[Date "2017.08.18"]
[Round "14"]
[White "Aronian, Levon"]
[Black "Anand, Viswanathan"]
[Result "1/2-1/2"]
[WhiteElo "2799"]
[BlackElo "2783"]
[Annotator "TA"]
[PlyCount "56"]
[EventDate "2017.??.??"]
[EventType "tourn"]
[EventCountry "USA"]
[SourceTitle "playchess.com"]
[Source "ChessBase"]
[SourceQuality "1"]

{[%evp 23,56,-15,-11,0,0,0,-9,-21,-22,-22,-11,-39,0,7,5,-17,-5,-14,-8,-32,-27,-35,-22,-20,0,0,18,0,0,0,0,0,0,-3,0]} 1. Nf3 d5 2. g3 c5 3. Bg2 Nf6 4. O-O g6 5. c3 Bg7 6. d4 cxd4 7. cxd4 O-O 8. Nc3 Ne4 9. Ng5 {[%cal Bf3g5,Bg5h3,Bh3f4][%mdl 32] D79: Fianchetto Grünfeld: Symmetrical Variation (6 0-0 c6 7 cxd5 cxd5)} Nxc3 10. bxc3 h6 11. Nh3 Nc6 {[%cal Bb8c6,Bc6e5,Be5f3][%mdl 32]} 12. Nf4 e6 $1 {LiveBook: 3 Games} 13. e4 $146 ({Predecessor:} 13. Rb1 Na5 14. e4 dxe4 15. Bxe4 Qc7 16. Qd3 Rd8 {1-0 (57) Adly,A (2601)-Ahmad,A (2353) Doha 2011}) 13... dxe4 14. Bxe4 Bd7 15. d5 exd5 16. Bxd5 Ne5 17. Bxb7 Bg4 18. Qxd8 Raxd8 19. Be3 g5 20. Ng2 $1 Rd7 21. Ba6 Nf3+ 22. Kh1 Bxc3 23. Rac1 {The position is equal.} Rc7 24. Ne1 Ba5 25. Nxf3 Bxf3+ 26. Kg1 Rd8 27. Rxc7 Bxc7 28. Rc1 Bb6 {Precision: White = 50%, Black = 72%.} 1/2-1/2

[Event "Saint Louis Blitz 2017"]
[Site "Saint Louis"]
[Date "2017.08.18"]
[Round "14"]
[White "Nakamura, Hikaru"]
[Black "Dominguez Perez, Leinier"]
[Result "0-1"]
[WhiteElo "2792"]
[BlackElo "2739"]
[Annotator "TA"]
[PlyCount "86"]
[EventDate "2017.??.??"]
[EventType "tourn"]
[EventCountry "USA"]
[SourceTitle "playchess.com"]
[Source "ChessBase"]
[SourceQuality "1"]

{[%evp 15,86,-3,0,-10,4,-61,-11,-8,-24,-44,-39,-85,-81,-113,-72,-176,-167,-157,-163,-152,-152,-160,-150,-175,-133,-130,-98,-119,-94,-119,-101,-92,-110,-233,-231,-224,-224,-248,-218,-273,-270,-275,-267,-257,-260,-339,-331,-338,-314,-464,-470,-457,-461,-466,-446,-530,-539,-506,-506,-735,-735,-720,-699,-625,-610,-604,-595,-579,-559,-685,-492,-955,-955]} 1. c4 e6 2. g3 Nf6 3. Bg2 d5 4. Nf3 Be7 5. d4 O-O 6. Qc2 c5 7. O-O Nc6 8. dxc5 {E06: Closed Catalan: Early deviations} d4 {LiveBook: 14 Games} 9. Rd1 (9. a3 a5 10. Rd1 e5 11. Nc3 Bxc5 12. Nd5 h6 13. Bd2 a4 14. Bb4 Nxb4 15. axb4 Nxd5 16. bxc5 {1-0 (34) So,W (2808)-Wojtaszek,R (2750) Wijk aan Zee 2017}) 9... e5 10. Bg5 $146 (10. Nc3 $11) ({Find the theoretical novelty and annotate with similar games:} 10. Nc3 Bxc5 11. a3 a5 12. b3 Bg4 13. h3 Bh5 14. Nh4 Qb6 15. Na4 d3 16. Rxd3 Bxf2+ {0-1 (49) Michelman,P (2285)-Bokar,J (2577) ICCF email 2005}) 10... Nd7 {[%cal Bf6d7,Bd7c5,Bc5b3][%mdl 32]} (10... Bxc5 11. Nc3 $1 $11 {[%mdl 512]}) (10... Ng4 $5 {[%cal Re7g5]} 11. Bxe7 Qxe7 $11) 11. Bxe7 Qxe7 12. a3 a5 13. Nbd2 Nxc5 14. Ne1 Bg4 15. Bf3 {[#]} (15. Bxc6 $17 bxc6 16. b4) 15... d3 $1 $19 {[%cal Rd3c2][%mdl 512]} 16. exd3 (16. Nxd3 Nd4) 16... Nd4 17. Qb1 Nxf3+ 18. Ndxf3 Nb3 19. Ra2 Rad8 20. a4 Qf6 21. Ra3 Nd4 $36 {[%mdl 2048] Black is on the roll.} ({Much less strong is} 21... Bxf3 22. Nxf3 Nc5 23. Kg2 $11) 22. Nxd4 {Nb5 is the strong threat.} Bxd1 ({Much weaker is} 22... exd4 $6 23. Rd2 $11) ({Of course not} 22... Rxd4 $6 23. Nc2 $11) 23. Qxd1 {aiming for Nb5.} Rxd4 24. Qe2 {[#]} (24. Nc2 $17 {keeps fighting.} Rdd8 25. Qd2) 24... e4 $1 {[%mdl 512]} 25. dxe4 Qc6 26. e5 Rxc4 27. Re3 Rxa4 28. e6 fxe6 29. Rxe6 Qc4 30. Nd3 Qd5 31. Re7 Rd4 32. Ne1 (32. Re5 {was necessary.} Qf3 33. Ne1 Qxe2 34. Rxe2) 32... Rd2 {Black is clearly winning.} 33. Qg4 {[%csl Ge7][%cal Rg4g7]} Qd4 34. Qxd4 Rxd4 35. Rxb7 {[%mdl 4096] Endgame KRR-KRN} Rd1 36. Re7 Rd2 37. Ra7 Rdxf2 38. Nd3 Rd2 39. Nc5 Re8 {[%cal Re8e1]} 40. Kf1 Rxb2 41. Rxa5 Rxh2 42. Nd3 Rb8 43. Nf2 (43. Kg1 $142 Rc2 44. Nf2) 43... Rb1+ {Precision: White = 29%, Black = 78%.} 0-1

[Event "Saint Louis Blitz 2017"]
[Site "Saint Louis"]
[Date "2017.08.18"]
[Round "14"]
[White "Nepomniachtchi, Ian"]
[Black "Karjakin, Sergey"]
[Result "1/2-1/2"]
[WhiteElo "2751"]
[BlackElo "2773"]
[Annotator "TA"]
[PlyCount "103"]
[EventDate "2017.??.??"]
[EventType "tourn"]
[EventCountry "USA"]
[SourceTitle "playchess.com"]
[Source "ChessBase"]
[SourceQuality "1"]

{[%evp 27,103,0,0,-22,0,0,0,0,-1,-12,-18,-50,-46,-129,-139,-178,-175,-175,-175,-170,-174,-174,-176,-210,-194,-186,-190,-182,-175,-258,-258,-252,-232,-224,-208,-202,-243,-222,-235,-235,-257,-227,-165,-165,-166,-233,-224,-323,-165,-166,-151,-151,-100,-107,0,0,0,0,0,0,0,0,0,0,0,0,0,0,0,0,0,0,0,0,0,0,0,0]} 1. e4 e5 2. Nf3 Nc6 3. Bc4 Bc5 4. O-O Nf6 5. d3 O-O 6. c3 d5 7. exd5 Nxd5 8. Nbd2 {[%cal Bb1d2,Bd2e4,Be4g3][%mdl 32]} Nb6 9. Bb5 Bd6 10. Re1 Bg4 11. h3 Bh5 12. Ne4 {C55: Two Knights: 4 d3, 4 d4 exd4 5 e5 and Max Lange Attack} f5 (12... Re8 13. Bg5 f6 14. Be3 a6 15. Bxc6 bxc6 16. Ng3 Bf7 17. d4 Nc4 18. dxe5 Bxe5 19. Nxe5 Rxe5 {½-½ (43) Carlsen,M (2855)-Aronian,L (2792) Leuven 2016}) 13. Ng3 Bxf3 14. Qxf3 Qd7 $1 {LiveBook: 11 Games} 15. Bd2 a6 (15... e4 $5 {[%cal Re4f3]} 16. Qe2 a6 17. Bxc6 Qxc6 $11) 16. Bxc6 $1 {[#]} Qxc6 $146 ({Predecessor:} 16... bxc6 17. Re2 Rae8 18. Rae1 Na4 19. b4 Nb2 {½-½ (57) Bocharov,D (2609)-Geller,J (2544) Sochi 2012}) 17. Qxc6 bxc6 18. c4 Na4 19. Bc1 Rad8 20. Nf1 (20. Rd1 $15) 20... Nc5 $17 21. Bg5 Rb8 ({Don't do} 21... Nxd3 22. Re3 $15) 22. b3 Nxd3 23. Re2 e4 24. Rd1 Rbe8 25. f3 exf3 26. Rxe8 f2+ 27. Kh1 Rxe8 28. Be3 {[#]} (28. Rxd3 $142 Re1 29. g3 Rxf1+ 30. Kg2) 28... f4 $1 $19 {[%cal Rf4e3]} 29. Rxd3 fxe3 ({Not} 29... Rxe3 30. Rxe3 fxe3 31. Nxe3 $17) 30. Rxe3 Rxe3 31. Nxe3 {[%mdl 4096] Endgame KB-KN} Kf7 32. g4 Bc5 33. Nf1 Kf6 34. Kg2 Ke5 35. Kf3 Bd4 36. Ng3 (36. Nh2 {was worth a try.}) 36... g6 37. Nf1 (37. h4 {keeps fighting.}) 37... Kf6 (37... Kd6 $142 38. Nd2 Kc5) 38. Ng3 Kg5 39. Nf1 Kh4 (39... Bc5 $142 40. Nd2 Kf6 41. Ne4+ Ke5 42. Nxf2 Bxf2 43. Kxf2 Kd4) 40. Kg2 $17 {[#]} Be5 ({Black should try} 40... c5 $1 $17 41. Nd2 Kg5 42. Ne4+ Kf4 43. Nxf2 Bxf2 44. Kxf2 g5) 41. Nd2 $11 {[%cal Rd2f3] The position is equal.} f1=Q+ 42. Nxf1 Bf4 43. Nh2 Bxh2 44. Kxh2 {KP-KP} c5 45. Kg2 h5 46. gxh5 gxh5 47. Kh2 Kg5 48. Kg3 h4+ 49. Kf3 {Black must now prevent Ke4.} Kf5 50. Ke3 Ke5 $1 51. Kf3 $1 {[%cal Rf3g4]} Kf5 52. Ke3 {Precision: White = 52%, Black = 68%.} 1/2-1/2

[Event "Saint Louis Blitz 2017"]
[Site "Saint Louis"]
[Date "2017.08.18"]
[Round "14"]
[White "Le, Quang Liem"]
[Black "Kasparov, Garry"]
[Result "1/2-1/2"]
[WhiteElo "2739"]
[BlackElo "2812"]
[Annotator "TA"]
[PlyCount "104"]
[EventDate "2017.??.??"]
[EventType "tourn"]
[EventCountry "USA"]
[SourceTitle "playchess.com"]
[Source "ChessBase"]
[SourceQuality "1"]

{[%evp 16,104,35,3,25,14,30,37,33,35,44,27,23,0,0,-5,0,-17,-8,-8,23,15,23,-24,-23,-22,-24,-22,65,-114,33,25,26,7,20,8,6,7,25,0,0,0,0,0,0,0,0,0,0,0,0,0,0,0,0,0,0,0,0,0,0,0,0,0,0,0,0,0,0,-19,0,0,0,0,0,0,0,0,0,0,0,0,0,-27,0,0,0,0,0,0,0]} 1. d4 Nf6 {[%cal Bg8f6,Bf6h5,Bh5g7,Bg7f5][%mdl 32]} 2. Nf3 g6 3. Bf4 d6 4. e3 Nh5 5. Bg5 {[%cal Bf4g5,Bg5h4,Bh4g3][%mdl 32]} h6 6. Bh4 {A48: 1 d4 Nf6 2 Nf3 g6: Torre, London and Colle Systems} g5 7. Nfd2 (7. Bg3 Nd7 8. c4 Bg7 9. Nc3 Ndf6 10. Be2 c6 11. Qc2 a6 12. Nd2 Nxg3 13. hxg3 {0-1 (93) Bindrich,F (2590)-Kozul,Z (2613) Doha 2016}) 7... Ng7 8. Bg3 Nf5 9. c3 {LiveBook: 3 Games} Bg7 10. Bd3 e6 $146 ({Predecessor:} 10... Nxg3 11. hxg3 Nd7 12. g4 Nf6 13. f3 {½-½ (57) Nemcova,K (2359)-Krush,I (2444) Saint Louis 2017}) 11. Na3 Nd7 12. Qf3 Nxg3 13. hxg3 (13. Qxg3 {is more complex.} f5 14. h4 g4 15. f3 Nf6 16. O-O-O) 13... a6 14. O-O-O Rb8 15. Nc2 b5 16. Qe2 c5 17. f4 d5 {[#] ...c4 is the strong threat.} 18. dxc5 Nxc5 19. e4 b4 20. cxb4 Nxd3+ 21. Qxd3 O-O ({Black should play} 21... gxf4 $11 22. gxf4 Qf6) 22. exd5 $2 {[#]} (22. e5 $14 {stays ahead.}) 22... Qxd5 (22... Qf6 $1 $17 {[%csl Gg7][%cal Rf6b2]} 23. Nc4 exd5 24. Qxd5 Be6 25. fxg5 Qg6) 23. Qxd5 $14 exd5 24. Nf3 a5 25. Rxd5 axb4 26. fxg5 h5 (26... Bb7 $5 {[%cal Rb7d5]} 27. Rb5 hxg5 $14) 27. Ncd4 Bb7 28. Rd6 Rfc8+ 29. Kd2 $1 Rd8 (29... Bxf3 $5 30. Nxf3 (30. gxf3 Rd8 $17) 30... Ra8 $11) 30. Rxd8+ Rxd8 31. Ke3 Re8+ 32. Kf2 Ra8 33. a3 bxa3 34. bxa3 Rxa3 35. Rxh5 Ra2+ 36. Kg1 Bxd4+ 37. Nxd4 Rxg2+ $11 {[%mdl 4096] Endgame KRB-KRN} 38. Kf1 Rxg3 39. Kf2 Rg4 40. Ke3 Re4+ 41. Kd3 Re5 42. Rh2 Rxg5 43. Rb2 Bd5 44. Ke3 Re5+ 45. Kf2 Kg7 46. Rb5 f6 47. Ra5 Kg6 48. Ne2 Rf5+ 49. Ke3 Re5+ 50. Kf2 {The position is equal.} Kg5 51. Nc3 Be6 52. Rxe5+ fxe5 {Precision: White = 46%, Black = 54%.} 1/2-1/2

[Event "Saint Louis Blitz 2017"]
[Site "Saint Louis"]
[Date "2017.08.18"]
[Round "15"]
[White "Kasparov, Garry"]
[Black "Anand, Viswanathan"]
[Result "1/2-1/2"]
[WhiteElo "2812"]
[BlackElo "2783"]
[Annotator "TA"]
[PlyCount "53"]
[EventDate "2017.??.??"]
[EventType "tourn"]
[EventCountry "USA"]
[SourceTitle "playchess.com"]
[Source "ChessBase"]
[SourceQuality "1"]

{[%evp 15,53,0,6,-28,-22,-39,0,0,0,0,0,0,0,0,0,0,22,0,27,29,48,25,41,14,30,20,27,6,7,6,26,29,29,20,70,0,0,0,81,0]} 1. d4 Nf6 2. c4 e6 3. Nc3 Bb4 4. Qc2 O-O 5. a3 Bxc3+ 6. Qxc3 d5 7. Nf3 dxc4 8. Qxc4 b6 $1 {LiveBook: 381 Games} 9. h4 $146 {E36: Nimzo-Indian: Classical: 4...d5 5 a3} ({Predecessor:} 9. Bg5 Ba6 10. Qa4 h6 11. Bh4 c5 12. dxc5 bxc5 13. Rc1 Qb6 14. Bxf6 gxf6 15. Rc2 c4 16. e3 Bb5 {½-½ (33) So,W (2810)-Anand,V (2783) Saint Louis 2017}) 9... Bb7 10. Bg5 Nbd7 11. Ne5 {The position is equal.} h6 12. Nxd7 Qxd7 13. Bxf6 $1 gxf6 14. Rh3 f5 15. Rd1 Kh7 16. Qc1 Bd5 17. Rc3 c6 18. g3 a5 19. e3 Rac8 20. Be2 Qe7 21. Rd2 Rc7 22. Bc4 {Strongly threatening Bxd5.} Rfc8 23. Rdc2 Be4 24. Bd3 $36 {[%mdl 2048] [#] And now Bxe4 would win. Black is under pressure.} Bf3 25. Be2 (25. e4 $5) 25... Be4 26. Bd3 {Black must now prevent Bxe4.} Bf3 {[#]} 27. Be2 {Precision: White = 35%, Black = 31%.} (27. e4 $1 $16) 1/2-1/2